000 00367nam a2200145Ia 4500
008 230718s9999 xx 000 0 und d
041 _aEng.
082 _a928
_bآبا-ب
100 _aآبادی ، بوش پیچ
245 0 _aباروں کی بارات
260 _aPakistan
_bامرود پنہاں ہو۔
_c1925
300 _a200
650 _aLaw
999 _c28773
_d28773